UBT Library

LECTURES ON DISEASES OF THE SPINAL CORD (Record no. 38828)

000 -LEADER
fixed length control field 00277nam a22001217a 4500
008 - FIXED-LENGTH DATA ELEMENTS--GENERAL INFORMATION
fixed length control field 171208b xxu||||| |||| 00| 0 eng d
041 ## - LANGUAGE CODE
Language code of text/sound track or separate title eng
080 ## - UNIVERSAL DECIMAL CLASSIFICATION NUMBER
Universal Decimal Classification number 617
100 ## - Rafti
Rafti 27
101 ## - Shkurtesa
Shkurtesa ORT
245 ## - TITLE STATEMENT
Title LECTURES ON DISEASES OF THE SPINAL CORD
Statement of responsibility, etc MARIE, P
942 ## - ADDED ENTRY ELEMENTS (KOHA)
Source of classification or shelving scheme
Item type Books
Holdings
Withdrawn status Lost status Source of classification or shelving scheme Damaged status Not for loan Collection code Permanent location Current location Shelving location Date acquired Total Checkouts Full call number Barcode Date last seen Price effective from Koha item type
          Koleksioni i përgjithshem UBT - Lipjan UBT - Lipjan Koleksioni i përgjithshem 12/08/2017   R 618 MAR 002-2939252 12/08/2017 12/08/2017 Reference
UBT Library © 2015-2024. All rights reserved University Education for Business and Technology